000 00397nam a2200157Ia 4500
005 20240807062226.0
008 240806s9999||||xx |||||||||||||| ||eng||
041 _aeng
082 _a305.5688
_bDUBA
100 _aDube Abhay Kumar
245 0 _aAdhunikata ke aine me dalit /
_cDube Abhay Kumar
260 _bSantvani Prakashan Delhi
300 _a422
650 _aGeneral Studies
942 _cBK
999 _c12360
_d12360